[Event "Walsrode Chessemy op-A"]
[Site "Walsrode"]
[Date "2023.03.06"]
[Round "3"]
[White "Bischoff, Ulrich"]
[Black "Hartmann, Wolfgang"]
[Result "1/2-1/2"]
[WhiteElo "1964"]
[BlackElo "1925"]
[PlyCount "70"]
[EventDate "2023.03.04"]
[EventType "swiss"]
[EventRounds "9"]
[EventCountry "GER"]
[SourceTitle "CBM 213 Extra"]
[Source "ChessBase"]
[SourceDate "2023.05.31"]
[SourceVersion "1"]
[SourceVersionDate "2023.05.31"]
[SourceQuality "1"]

1. d4 d5 2. c4 e6 3. Nf3 Nf6 4. g3 Bb4+ 5. Bd2 Be7 6. Bg2 c6 7. Qc2 Nbd7 8. 0-0 0-0 9. Rd1 b6 10. cxd5 cxd5 11. Nc3 Bb7 12. Bf4 Nh5 13. Be3 f5 14. Rac1 Rc8 15. Qd3 Bd6 16. Nb5 Bb8 17. Rxc8 Qxc8 18. Rc1 Qd8 19. Bg5 Nhf6 20. Qe3 Qe7 21. Nc7 h6 22. Qxe6+ Qxe6 23. Nxe6 hxg5 24. Nxf8 Kxf8 25. Nxg5 Ke7 26. f3 Nf8 27. e3 Ne6 28. Nxe6 Kxe6 29. Bf1 Ne8 30. Kf2 Nd6 31. h4 Nf7 32. Bb5 Nd6 33. Bd3 Ne8 34. Bb5 Nd6 35. Bd3 Ne8 1/2-1/2

[Event "GER-ch Seniors 65 34th"]
[Site "Magdeburg"]
[Date "2022.08.13"]
[Round "2"]
[White "Bischoff, Ulrich"]
[Black "Rahls, Peter"]
[Result "1/2-1/2"]
[WhiteElo "1978"]
[BlackElo "2223"]
[PlyCount "92"]
[EventDate "2022.08.12"]
[EventType "swiss"]
[EventRounds "9"]
[EventCountry "GER"]
[SourceTitle "CBM 209 Extra"]
[Source "ChessBase"]
[SourceDate "2022.09.30"]
[SourceVersion "1"]
[SourceVersionDate "2022.09.30"]
[SourceQuality "1"]

1. d4 d5 2. c4 c6 3. Nf3 Nf6 4. g3 a6 5. Bg2 e6 6. 0-0 Be7 7. Nc3 0-0 8. Bf4 Nbd7 9. a4 a5 10. Rc1 Re8 11. cxd5 exd5 12. Nb5 Bb4 13. Nc7 Ra7 14. Nxe8 Qxe8 15. Ne1 Nf8 16. Nd3 Ne6 17. Be5 Be7 18. Nc5 Nxc5 19. dxc5 Bf5 20. Qd4 Ra8 21. f3 Qf8 22. Rfd1 Nd7 23. Bd6 Bxd6 24. cxd6 Qxd6 25. e4 Be6 26. f4 c5 27. Qd3 d4 28. Qb5 f6 29. e5 fxe5 30. Qxb7 Rb8 31. Qc6 Rb6 32. Qxd6 Rxd6 33. fxe5 Rb6 34. Rd2 Kf7 35. Bf1 Rb4 36. Bb5 Nxe5 37. Rf2+ Ke7 38. Rxc5 Kd6 39. Rc1 d3 40. Kf1 Rd4 41. Rd2 Bg4 42. Rc3 Be2+ 43. Rxe2 dxe2+ 44. Kxe2 h5 45. h4 Re4+ 46. Re3 Rb4 1/2-1/2

[Event "Rhein Main op-A 24th"]
[Site "Bad Homburg"]
[Date "2022.06.18"]
[Round "6"]
[White "Hornung, Fabian"]
[Black "Bischoff, Ulrich"]
[Result "0-1"]
[WhiteElo "1786"]
[BlackElo "1993"]
[PlyCount "134"]
[EventDate "2022.06.15"]
[EventType "swiss"]
[EventRounds "7"]
[EventCountry "GER"]
[SourceTitle "EXT 2023"]
[Source "ChessBase"]
[SourceDate "2022.10.05"]
[SourceVersion "1"]
[SourceVersionDate "2022.10.05"]
[SourceQuality "1"]

1. e4 e5 2. Nf3 Nf6 3. Nxe5 d6 4. Nf3 Nxe4 5. Nc3 Nxc3 6. dxc3 Be7 7. Be3 Be6 8. Qd2 Nc6 9. 0-0-0 Qd7 10. Kb1 Bf6 11. Bd3 Ne5 12. Nxe5 Bxe5 13. f4 Bf6 14. h3 g6 15. g4 0-0-0 16. Qf2 a6 17. f5 gxf5 18. Rdf1 Be5 19. Bxf5 Bxf5 20. Qxf5 Qxf5 21. Rxf5 f6 22. g5 fxg5 23. Bxg5 Rdf8 24. Rhf1 Rxf5 25. Rxf5 Rg8 26. h4 h6 27. Bxh6 Rg1+ 28. Bc1 Rh1 29. c4 Rxh4 30. Rf1 Rxc4 31. b3 Rg4 32. Bb2 Bxb2 33. Kxb2 b6 34. Rf7 Kb7 35. a3 b5 36. b4 Rc4 37. Rf5 Kc6 38. Rh5 Kb6 39. Kb3 Re4 40. Rg5 a5 41. bxa5+ Kxa5 42. Rd5 Kb6 43. Rh5 Re3+ 44. Kb2 c6 45. Rh4 Kc5 46. Rg4 d5 47. Rg6 d4 48. Rh6 Rc3 49. Rg6 Kd5 50. Rh6 c5 51. Rh5+ Kc4 52. Rh4 Re3 53. Rg4 Re2 54. Rh4 Kd5 55. Rh3 c4 56. Rh5+ Re5 57. Rh3 Rf5 58. Rg3 Rh5 59. Rg4 Rh2 60. Rg3 d3 61. Kc1 Rxc2+ 62. Kb1 Kd4 63. Rg5 Kc3 64. Rh5 Rb2+ 65. Ka1 Rb3 66. Ka2 Kc2 67. a4 b4 0-1

[Event "Rhein Main op-A 24th"]
[Site "Bad Homburg"]
[Date "2022.06.16"]
[Round "2"]
[White "Gloeckler, Christian"]
[Black "Bischoff, Ulrich"]
[Result "1-0"]
[WhiteElo "1847"]
[BlackElo "1993"]
[PlyCount "21"]
[EventDate "2022.06.15"]
[EventType "swiss"]
[EventRounds "7"]
[EventCountry "GER"]
[SourceTitle "EXT 2023"]
[Source "ChessBase"]
[SourceDate "2022.10.05"]
[SourceVersion "1"]
[SourceVersionDate "2022.10.05"]
[SourceQuality "1"]

1. e4 e5 2. Nf3 Nf6 3. Nc3 Bb4 4. Nxe5 0-0 5. Bc4 Bxc3 6. dxc3 Nxe4 7. Nxf7 Qe7 8. Ng5+ Kh8 9. Qe2 Re8 10. Nf7+ Kg8 11. Nd6+ 1-0

[Event "Frankfurt-chA"]
[Site "Frankfurt"]
[Date "2022.05.23"]
[Round "5"]
[White "Bischoff, Ulrich"]
[Black "Burkart, Lloyd Shang"]
[Result "1/2-1/2"]
[WhiteElo "1993"]
[BlackElo "1559"]
[PlyCount "36"]
[EventDate "2022.04.25"]
[EventType "swiss"]
[EventRounds "7"]
[EventCountry "GER"]
[SourceTitle "EXT 2023"]
[Source "ChessBase"]
[SourceDate "2022.10.05"]
[SourceVersion "1"]
[SourceVersionDate "2022.10.05"]
[SourceQuality "1"]

1. d4 Nf6 2. c4 e6 3. g3 Bb4+ 4. Bd2 Be7 5. Bg2 d5 6. Nf3 0-0 7. 0-0 Nbd7 8. Nc3 dxc4 9. e4 b5 10. Nxb5 Nxe4 11. Ne5 Nxe5 12. Bxe4 Rb8 13. dxe5 Rxb5 14. Bc3 Qxd1 15. Rfxd1 Bb4 16. Bd4 c5 17. Be3 c3 18. bxc3 Bxc3 1/2-1/2

[Event "Reinstorf op"]
[Site "Reinstorf"]
[Date "2022.02.02"]
[Round "5"]
[White "Bischoff, Ulrich"]
[Black "Reichmann, Felix"]
[Result "1-0"]
[WhiteElo "1994"]
[BlackElo "1807"]
[PlyCount "73"]
[EventDate "2022.01.29"]
[EventType "swiss"]
[EventRounds "9"]
[EventCountry "GER"]
[SourceTitle "CBM 206 Extra"]
[Source "ChessBase"]
[SourceDate "2022.03.31"]
[SourceVersion "1"]
[SourceVersionDate "2022.03.31"]
[SourceQuality "1"]

1. d4 Nf6 2. c4 c5 3. d5 b5 4. Nf3 b4 5. a4 d6 6. Qc2 g6 7. e4 Bg7 8. h3 e5 9. g4 0-0 10. Bd3 h5 11. g5 Nh7 12. Be3 f5 13. gxf6 Qxf6 14. Nbd2 g5 15. 0-0-0 Bh6 16. Rdg1 Kh8 17. Be2 Bd7 18. Kb1 Be8 19. Qd1 Nd7 20. Nh2 Qg6 21. Nhf1 Ndf6 22. Ng3 h4 23. Ngf1 Nxe4 24. Nxe4 Qxe4+ 25. Bd3 Qf3 26. Qc2 b3 27. Qxb3 Nf6 28. Nd2 Qh5 29. Ne4 Nxe4 30. Bxe4 Bg6 31. Qd3 Kg7 32. Rg4 Rf3 33. Ka2 Rxh3 34. Rhg1 Rf8 35. Bxg5 Bxg5 36. Qxh3 Bxe4 37. Rxg5+ 1-0

[Event "Reinstorf op"]
[Site "Reinstorf"]
[Date "2022.02.01"]
[Round "4"]
[White "Tan, Justin Hy"]
[Black "Bischoff, Ulrich"]
[Result "1-0"]
[WhiteElo "2526"]
[BlackElo "1994"]
[PlyCount "83"]
[EventDate "2022.01.29"]
[EventType "swiss"]
[EventRounds "9"]
[EventCountry "GER"]
[SourceTitle "CBM 206 Extra"]
[Source "ChessBase"]
[SourceDate "2022.03.31"]
[SourceVersion "1"]
[SourceVersionDate "2022.03.31"]
[SourceQuality "1"]

1. Nf3 d5 2. g3 Nf6 3. Bg2 e6 4. d4 Be7 5. c4 0-0 6. 0-0 dxc4 7. Qc2 a6 8. a4 Bd7 9. Qxc4 Bc6 10. Bf4 Bd6 11. Qc1 a5 12. Nc3 Bxf3 13. Bxf3 Bxf4 14. Qxf4 c6 15. Rad1 Na6 16. e4 Nb4 17. h4 Qe7 18. Rd2 Rfd8 19. Rfd1 h6 20. e5 Nfd5 21. Qg4 f5 22. exf6 Nxf6 23. Qf4 Qd6 24. Qe3 Re8 25. Re2 Rad8 26. Bg2 Nbd5 27. Qd2 Nxc3 28. Qxc3 e5 29. Qxa5 exd4 30. Rxe8+ Rxe8 31. Qb6 d3 32. Qb3+ Kh8 33. Rxd3 Qc5 34. Bf3 Re1+ 35. Kg2 Qc1 36. Rd8+ Kh7 37. Bd1 Re8 38. Bc2+ Kh8 39. Rxe8+ Nxe8 40. Qd3 Kg8 41. Bb3+ Kf8 42. Qd7 1-0

[Event "Bayern-chI Bank Hofmann 24th"]
[Site "Tegernsee"]
[Date "2021.10.30"]
[Round "1"]
[White "Goldbeck, Lars"]
[Black "Bischoff, Ulrich"]
[Result "1-0"]
[WhiteElo "2200"]
[BlackElo "2023"]
[PlyCount "87"]
[EventDate "2021.10.30"]
[EventType "swiss"]
[EventRounds "9"]
[EventCountry "GER"]
[SourceTitle "EXT 2023"]
[Source "ChessBase"]
[SourceDate "2022.10.05"]
[SourceVersion "1"]
[SourceVersionDate "2022.10.05"]
[SourceQuality "1"]

1. d4 d5 2. Bf4 Nf6 3. e3 c5 4. c3 Nc6 5. Nd2 e6 6. Ngf3 Bd6 7. Bg3 0-0 8. Bd3 b6 9. e4 Be7 10. e5 Nh5 11. a3 a5 12. Qe2 g6 13. Rd1 c4 14. Bb1 b5 15. Qe3 Kg7 16. Bf4 Nxf4 17. Qxf4 b4 18. h4 h5 19. Ng5 Bxg5 20. hxg5 Rh8 21. Ke2 Bd7 22. Rh4 bxc3 23. bxc3 Qe7 24. Rdh1 Rag8 25. Qf6+ Kf8 26. a4 Ke8 27. g4 Kd8 28. gxh5 Qxf6 29. exf6 Rxh5 30. Rxh5 gxh5 31. f4 e5 32. dxe5 Bg4+ 33. Ke3 Kd7 34. Bc2 Ke6 35. Nf3 Rb8 36. Nd4+ Nxd4 37. Kxd4 Rb2 38. Rh2 Rb8 39. g6 fxg6 40. Bxg6 Rh8 41. Rb2 h4 42. f5+ Kd7 43. e6+ Kc6 44. e7 1-0

[Event "Frankfurt-chA"]
[Site "Frankfurt"]
[Date "2019.06.17"]
[Round "7"]
[White "Bischoff, Ulrich"]
[Black "Reitz, Philipp"]
[Result "0-1"]
[WhiteElo "1961"]
[BlackElo "2020"]
[PlyCount "74"]
[EventDate "2019.04.29"]
[EventType "swiss"]
[EventRounds "7"]
[EventCountry "GER"]
[SourceTitle "EXT 2020"]
[Source "ChessBase"]
[SourceDate "2019.10.17"]
[SourceVersion "1"]
[SourceVersionDate "2019.10.17"]
[SourceQuality "1"]

1. d4 Nf6 2. c4 g6 3. Nf3 Bg7 4. g3 0-0 5. Bg2 c6 6. 0-0 d5 7. b3 Bf5 8. Bb2 Qc8 9. Re1 Rd8 10. Nbd2 Ne4 11. Rc1 Qd7 12. Ne5 Qe6 13. g4 Bxg4 14. Nxg4 Nxd2 15. Bh3 f5 16. Qxd2 fxg4 17. Bg2 Qd7 18. Rcd1 Na6 19. e4 dxc4 20. bxc4 e5 21. Qe2 h5 22. d5 Qe7 23. Qe3 c5 24. Qb3 Rd6 25. Rf1 Rb6 26. Qc3 h4 27. f4 h3 28. Bh1 Rxb2 29. Qxb2 exf4 30. d6 Qg5 31. Qxb7 Kh7 32. Rd5 Qh4 33. e5 Rb8 34. Qe7 Qh6 35. d7 f3 36. Rdd1 Rb2 37. d8Q Qe3+ 0-1

[Event "Wiesbaden op 30th"]
[Site "Wiesbaden"]
[Date "2018.08.26"]
[Round "6"]
[White "Bischoff, Ulrich"]
[Black "Mueller, Lutz"]
[Result "1/2-1/2"]
[WhiteElo "2057"]
[BlackElo "1989"]
[PlyCount "73"]
[EventDate "2018.08.23"]
[EventType "swiss"]
[EventRounds "7"]
[EventCountry "GER"]
[SourceTitle "CBM 186 Extra"]
[Source "ChessBase"]
[SourceDate "2018.08.24"]
[SourceVersion "1"]
[SourceVersionDate "2018.08.24"]
[SourceQuality "1"]

1. d4 g6 2. c4 Bg7 3. Nc3 d6 4. Nf3 Nf6 5. g3 0-0 6. Bg2 Nc6 7. 0-0 e5 8. d5 Ne7 9. e4 a5 10. Qc2 Nd7 11. Ne1 f5 12. f3 Nf6 13. Nd3 b6 14. Bd2 Ba6 15. b3 c6 16. Kh1 Rc8 17. Be3 cxd5 18. cxd5 Nfxd5 19. exd5 e4 20. Nf4 Rxc3 21. Qd2 Rd3 22. Qf2 Nxd5 23. Nxd5 Rxd5 24. Rac1 Qe7 25. Rfe1 Bd3 26. Bxb6 Qe5 27. Kg1 Re8 28. Be3 Qb2 29. Rc7 Qxf2+ 30. Kxf2 Rb5 31. Rec1 d5 32. Rd7 Be5 33. Bf4 Bd4+ 34. Be3 Be5 35. Bf4 Bd4+ 36. Be3 Be5 37. Bf4 1/2-1/2

[Event "GER-chT Betriebe 17th"]
[Site "Berlin"]
[Date "2017.11.03"]
[Round "4.3"]
[White "Tochtrop, Matthias"]
[Black "Bischoff, Ulrich"]
[Result "1/2-1/2"]
[WhiteElo "2173"]
[BlackElo "2072"]
[PlyCount "41"]
[EventDate "2017.11.02"]
[EventType "team-swiss"]
[EventRounds "7"]
[EventCountry "GER"]
[SourceTitle "EXT 2020"]
[Source "ChessBase"]
[SourceDate "2019.10.17"]
[SourceVersion "1"]
[SourceVersionDate "2019.10.17"]
[SourceQuality "1"]
[WhiteTeam "Duesseldorf Vodafone"]
[BlackTeam "Stuttgart Sparkassen-Vers"]
[WhiteTeamCountry "GER"]
[BlackTeamCountry "GER"]

1. g3 d5 2. Bg2 Nf6 3. c3 c6 4. d4 Bf5 5. Nh3 e6 6. 0-0 Be7 7. f3 0-0 8. Nf2 h6 9. e4 Bh7 10. Be3 a5 11. Nd2 c5 12. dxc5 Na6 13. Nd3 Rc8 14. b4 dxe4 15. Nxe4 Qd5 16. Qe2 Qc4 17. a3 Nd5 18. Bd2 Rfd8 19. Rfd1 Nxc3 20. Bxc3 Bxe4 21. Qxe4 1/2-1/2

[Event "Frankfurt-chA"]
[Site "Frankfurt"]
[Date "2017.06.12"]
[Round "7"]
[White "Nehmert, Ulrich"]
[Black "Bischoff, Ulrich"]
[Result "1/2-1/2"]
[WhiteElo "2144"]
[BlackElo "1981"]
[PlyCount "80"]
[EventDate "2017.04.24"]
[EventType "swiss"]
[EventRounds "7"]
[EventCountry "GER"]
[SourceTitle "EXT 2018"]
[Source "ChessBase"]
[SourceDate "2017.10.13"]
[SourceVersion "1"]
[SourceVersionDate "2017.10.13"]
[SourceQuality "1"]

1. d4 d5 2. Bf4 Nf6 3. e3 c5 4. Nc3 a6 5. dxc5 Nc6 6. Nf3 e6 7. Na4 Bxc5 8. Nxc5 Qa5+ 9. c3 Qxc5 10. Bd3 0-0 11. Ne5 Qe7 12. Bc2 Rd8 13. Qf3 Nd7 14. Qh3 Nf8 15. Qg3 f6 16. Nxc6 bxc6 17. Bc7 Rd7 18. Ba5 Rb7 19. b4 Bd7 20. e4 Be8 21. 0-0 Bg6 22. Rfe1 dxe4 23. Bxe4 Bxe4 24. Rxe4 e5 25. Rae1 Ng6 26. Qd3 Qe6 27. Qc4 Kf7 28. Rd1 Qxc4 29. Rxc4 Rc8 30. Rd6 Ne7 31. f4 Rb5 32. Rd7 Rd5 33. Rxd5 Nxd5 34. fxe5 fxe5 35. Rc5 Ke6 36. c4 Ne7 37. Bb6 Rb8 38. Bc7 Rxb4 39. Bxe5 g6 40. Bg7 Ra4 1/2-1/2

[Event "Frankfurt-chA"]
[Site "Frankfurt"]
[Date "2017.04.24"]
[Round "1"]
[White "Wagner, Guenter"]
[Black "Bischoff, Ulrich"]
[Result "0-1"]
[WhiteElo "1666"]
[BlackElo "1981"]
[PlyCount "43"]
[EventDate "2017.04.24"]
[EventType "swiss"]
[EventRounds "7"]
[EventCountry "GER"]
[SourceTitle "EXT 2018"]
[Source "ChessBase"]
[SourceDate "2017.10.13"]
[SourceVersion "1"]
[SourceVersionDate "2017.10.13"]
[SourceQuality "1"]

1. Nf3 d5 2. c4 e6 3. g3 Nf6 4. Bg2 c5 5. 0-0 Nc6 6. b3 Be7 7. Bb2 0-0 8. d3 d4 9. e3 e5 10. e4 Bd7 11. Na3 Qc8 12. Nc2 Ne8 13. a3 a5 14. Bc1 f5 15. Bg5 Bxg5 16. Nxg5 f4 17. Qd2 Qd8 18. Nf3 Qe7 19. h3 Nc7 20. Kh2 Ne6 21. Ng1 Qg5 22. h4 0-1